00504caa a22001572a 4500001000900000003001100009008004300020092001700063100001700080245003400097300001500131500008800146942000900234773008800243999001500331 003346 AR-FADEU 311216n########xxu####################dd a149.94bA634 aBunge, Mario aAnálisis de la analiticidad aPP 261-271 aEn: Antología semántica / ed. Mario Bunge. Buenos Aires : Nueva visión, 1960. cBDGR0 0916597813abdBuenos Aireso5927tANTOLOGIA semánticaw( AR-FADEU) 003334xz c9177d9177